01129nam a2200253 a 4500003000900000005001700009007000300026008004100029040002500070082001300095110006400108245015000172260007200322300005000394500009300444590003100537700005200568700003700620700003600657910001100693942001400704952014000718999001700858DO-SdBNP20240305081628.0ta221024e2015 dr aoc|gr|||| 00| 0dspa d aDO-SdBNPbspacBNPHU 4222bI24d2 956168aIglesia Católica.bAquidiósesis de Santo Domingo10aDiócesis de la Vega 2015:b"tú eres sacerdote para siempre (Salmos 109)". /cFotografías, Ramón Frías, Fabriel Polanco y Juan B. Peña aSanto Cerro La Vega, República Dominicana:bFrias Editores,c2015 a51 p. :bil., fotogr., mapas, retr. ;c28 cm. aIncluye datos biográficos de Monseñor Héctor Rodríguez Rodríguez, p.4. y otros aInventariado 2022 / MFeliz1 aFrías López, José Ramónefotogr.9798201 aPolanco, Fabrielefotogr.9825781 941704aPeña, Juan B.efotogr. aMFeliz 2ddccLBS1 00102ddc51708PDaBNPHUbBNPHUcCTd2018-02-24eDepósito Legal / Amigo del Hogarl0oI24dp2022-4494r2022-10-24w2022-10-24yLBS1 c52621d52621